| 000 | 01020nam a22002291a 4500 | ||
|---|---|---|---|
| 999 |
_c17766 _d17766 |
||
| 001 | 17766 | ||
| 003 | OSt | ||
| 005 | 20260204212332.0 | ||
| 008 | 161226s2016||||dr ||||||b||||||||||spa|| | ||
| 090 | _aCON 2016 M34 | ||
| 100 | 1 |
_aMejía Santana, Yaneiry _esustentante |
|
| 245 | 1 | _aInformación contable como herramienta de planificación y desarrollo de las pymes en el municipio de Cotuí, prov. Sánchez Ramírez / Yaneiry Mejía Santana, Mercedes Adames Romero asesor Juan Francisco Nuñez. | |
| 260 |
_aCotuí, República Dominicana : _bUTECO, _c2016 |
||
| 300 | _a62 hojas | ||
| 502 | _aTrabajo de grado (Licenciatura en contabilidad)--Universidad Tecnológica del Cibao Oriental, 2016. | ||
| 520 | _aCONTABILIDADÌ | ||
| 650 | 4 | _anformación contable como herramienta de planificación | |
| 700 | 1 |
_aAdames Romero, Mercedes _esustentante |
|
| 700 | 1 |
_aNuñez, Juan Francisco _easesor |
|
| 830 | _aTesis y disertaciones académicas (Universidad Tecnológica del Cibao Oriental) | ||
| 942 |
_2LC _cTH |
||